000
00275 a2200109 4500
000
nam a22 7a 4500
005
20260318112857.0
100
_a
Ghosh, Pradip
_9
1132410
245
_a
Introduction to protein spectrometry
260
_b
Academic press
_c
2024
942
_c
TEXL
999
_c
1715667
_d
1715667